000 01690 a2200241 4500
003 OSt
005 20180116192338.0
008 120525t xxu||||| |||| 00| 0 eng d
020 _a1876907843 (hardcover)
020 _a9781876907846 (hardcover)
040 _c0
082 0 4 _a724.972
100 1 _aMutlow, John.
_92211
245 1 0 _aNew architecture of mexico /
_cJohn Mutlow.
260 _aVictoria:
_bImages Publishing Dist A/C,
_c2005.
300 _a224 p. :
_bill.;
_c31 cm.
520 _aThis book explores the modern architecture the modern architecture of Mexico, with an emphasis from the early 1980s to the present day. It is particularly appropriate now, given a renewed interest in the recent modern architecture of Mexico, and as the work of several Mexican architects is now being recognised, published and appreciated outside of Mexico. The focus is on architects and their work. A series of buildings have been selected to establish a dialogue and to identify and articulate the complex diversity of modern architecture that is Mexico today. The selection exemplifies quality of design, of spacial and tectonic exploration, and the different perspectives that coexist. Underlying ideas and ideological positions that place the architects in the modern architectural movement are explored and an introductory article by Miguel Adria places early modern architecture in Mexico in context.
650 0 _aArchitecture, Modern
_92212
650 0 _aArchitecture
_zMexico
_92213
856 4 0 _3Amazon.com
_uhttp://www.amazon.com/exec/obidos/ASIN/1876907843/chopaconline-20
942 _aSADA
_cBK
_k724.972 MUT 2005
_2ddc
999 _c352564
_d352564